01248nam a22001457a 4500008004100000020001800041050001500059100001900074245009700093260004900190300001900239505079900258650002501057700002001082121012t xxu||||| |||| 00| 0 eng d a9788184781038 aHF5635.S43 aSehgal, Ashok, aTaxman's financial accounting: problems and solutions. /cAshok Sehgal and Dr. Deepak Sehgal aNew Delhi:bTaxmann Allied Services,cc2010. a179 p.:c24cm. aContents: Accounting - the language of business -- Financial accounting principles -- Financial accounting standards -- Accounting process -- Business income -- Revenue recognition (including salient features of AS-9) and expense recognition -- The Nature of depreciation -- Inventory valuation (including salient features of AS-2 revised) -- Capital and revenue expenditures and receipts -- Financial statements of non-corporate business entities -- Financial statements of 'not-for-profit' organisations -- Financial statements from incomplete records -- Accounting for hire-purchase and instalment payment transactions -- Leases -- Accounting for branches -- Accounting for dissolution of partnership firms -- Guide to solutions to review questions -- Guide to answers to practical problems. bFinancial Accounting aSehgal, Deepak,